000 01692nkm a2200361 c 4500
003 BLK
005 20180421002058.0
008 180412b bul rap|r|||| r0| ||bulo|
010 _aKNG00173710000
040 _aBLK
041 _aRUS
_cRUS
_hFRE
080 _aЖивопис - съвременни направления - Реализъм, импресионизъм и др. направления на ХХ в.
_b75.036
_x(470)
_z75.036(470)
700 1 _aМихайлова, Кира Владимировна
_eсостав.
_9352650
700 1 _aСмирнов, Георгий Викторович
_eсостав.
_9352651
700 1 _aЧелюбеева, Зинаида Прохоровна
_eсостав.
_9141223
139 _aМихайлова, Кира Владимировна и др.
_bМ 74
245 1 0 _aИз истории реализма в русской живописи
_cсостав. Кира Владимировна Михайлова; состав. Георгий Викторович Смирнов; состав. Зинаида Прохоровна Челюбеева.
246 1 1 _aDe l'histoire du realisme dans la peinture russe
257 _aSUN
260 Москва
_bИзобраз. искусство
_c1982
300 _a210 с.
_bс ил.
_c30 см
380 _a7
500 _aСписък на ил. - 50 000 тир.
650 4 _aЖивопис, руска
_9278366
651 4 _aРусия
_9179465
653 _aруска живопис
653 _aреализъм
852 _aЦб Гр А ІІ 3196
856 4 _qpdf
_u
856 4 _qpdf
_u
942 _cGRA
_n0
944 _aCR
_c02.04.2015
_kКамелия_Данева
944 _aED
_c15.04.2015
_kКамелия_Данева
999 _c210927
_d210927